| 000 | 00538cam a2200157 4500 | ||
|---|---|---|---|
| 001 | WB3537-39 | ||
| 008 | 000000n1999 000 0 eng u | ||
| 035 | _a(Sirsi) u102791 | ||
| 245 | _aStamp Duty: 7-year leases. | ||
| 260 | _c1999 | ||
| 490 |
_aInland Revenue Press Release _v(159/99) 17 September 1999 (2) |
||
| 520 | _aThe Finance Bill 2000 will correct the omission in the Finance Act 1999 and will ensure that stamp duty is payable on new leases of exactly 7 years. | ||
| 650 | _aSTAMP DUTY | ||
| 690 | _aTAXATION | ||
| 942 | _n0 | ||
| 999 |
_c61766 _d61766 |
||